Texbook of disorders and injuries of the musculoskeletal system. (2nd ed.) (Record no. 32855)

MARC details
000 -LEADER
fixed length control field 00750nam a2200193 a 4500
008 - FIXED-LENGTH DATA ELEMENTS--GENERAL INFORMATION
fixed length control field 111007s1983 ||||||||||||||||| || u
020 ## - INTERNATIONAL STANDARD BOOK NUMBER
International Standard Book Number 0683075004
050 ## - LIBRARY OF CONGRESS CALL NUMBER
Classification number RC 925 Sal.
100 ## - MAIN ENTRY--PERSONAL NAME
Personal name Salter, Robert Bruce
245 10 - TITLE STATEMENT
Title Texbook of disorders and injuries of the musculoskeletal system. (2nd ed.)
250 ## - EDITION STATEMENT
Edition statement 2nd ed.
260 ## - PUBLICATION, DISTRIBUTION, ETC.
Place of publication, distribution, etc. London:
Name of publisher, distributor, etc. Williams & Wilkins
Date of publication, distribution, etc. 1983
300 ## - PHYSICAL DESCRIPTION
Extent xvii, 578p. : ill.
350 ## -
-- 0.00
650 ## - SUBJECT ADDED ENTRY--TOPICAL TERM
Topical term or geographic name entry element MUSCULOSKELETAL SYSTEM--DISEASES
650 ## - SUBJECT ADDED ENTRY--TOPICAL TERM
Topical term or geographic name entry element MEDICINE
650 ## - SUBJECT ADDED ENTRY--TOPICAL TERM
Topical term or geographic name entry element MUSCULOSKELETAL SYSTEM--WOUND AND INJURIES
995 ## -
-- MEDICAL LIBRARY OPEN ACCESS
-- 0.00
-- 901298
-- CBU-SCHOOL OF MEDICINE LIBRARY (Ndola)
-- 1
-- 0.00
-- RC 925 Sal.
-- 1
-- AVAILABLE
-- Oct 7, 2011
-- 901298
-- Medical Library Open Access Collection
999 ## -
-- 32855
-- 32855
Holdings
Withdrawn status Lost status Source of classification or shelving scheme Damaged status Not for loan Permanent Location Current Location Shelving location Date acquired Total Checkouts Full call number Barcode Date last seen Price effective from Koha item type
          CBU-SCHOOL OF MEDICINE LIBRARY, NDOLA. CBU-SCHOOL OF MEDICINE LIBRARY, NDOLA.   11/30/2022   RC 925 Sal. 901298 11/30/2022 11/30/2022 MONOGRAPH